000 00417nam a2200097Ia 4500
008 160523s9999 xx 000 0 und d
245 _aTheoretical and Methodological Approaches to Social Sciences and Knowledge Management
245 _cEdited by Asunción López-Varela
260 _c2012
856 _uhttp://www.intechopen.com/books/theoretical-and-methodological-approaches-to-social-sciences-and-knowledge-management
999 _c294890
_d294890